000 00575nam a2200193 i 4500
001 98775
003 ES-MaACL
005 20250902064907.0
007 t|
008 051025s1980 sp ||||1| spa d
080 _a338.982.4
245 0 3 _aLa empresa pública española.
260 _a[Madrid] :
_bInstitutos de Estudios Fiscales,
_c[1980 ?]
300 _a935 p., 2 h. pleg. ;
_c19 cm.
650 1 4 _aEmpresas públicas-
_zEspaña
_912232
710 2 _aInstituto de Estudios Fiscales (España)
_9169207
852 _aES-MaACL
_jL-2158
_bR.102785
999 _c98775
_d98775